Komparácia mikro účtovnej jednotky a mikrodaňovníka podľa aktuálne platnej legislatívy v Slovenskej republike bakalárska práca

Salvato in:
Dettagli Bibliografici
Autore principale: Bôrik, Marek
Ente Autore: Fakulta hospodárskej informatiky EU. Katedra účtovníctva a audítorstva
Altri autori: Užíková, Lenka, 1996-
Natura: Libro
Lingua:slovacco
Pubblicazione: Bratislava 2023
Tags: Aggiungi Tag
Nessun Tag, puoi essere il primo ad aggiungerne!!

MARC

LEADER 00000nbm a2200000 4500
001 0294990
005 20240208130403.7
041 0 |a slo 
044 |a SK 
245 1 0 |a Komparácia mikro účtovnej jednotky a mikrodaňovníka podľa aktuálne platnej legislatívy v Slovenskej republike  |b bakalárska práca  |c Marek Bôrik ; školiteľ: Lenka Užíková 
264 1 |a Bratislava  |c 2023 
300 |a 46 s. 
100 1 |a Bôrik, Marek 
700 1 |a Užíková, Lenka, 1996- 
710 2 |a Fakulta hospodárskej informatiky EU. Katedra účtovníctva a audítorstva